| 000 | 00474nam a2200193Ia 4500 | ||
|---|---|---|---|
| 005 | 20240823055716.0 | ||
| 008 | 240823s9999||||xx |||||||||||||| ||und|| | ||
| 041 | _aENGLISH | ||
| 082 | _A001.4 Q5 | ||
| 100 | _aVeena S | ||
| 245 | 0 | _aFuture Prospects in Multidisciplinary Research | |
| 250 | _a1st | ||
| 260 |
_c2015 _bB-Digest Publica |
||
| 500 | _aYES | ||
| 650 |
_aResearch _bManagement Studies |
||
| 700 | _aDeepa Roselin Josph | ||
| 942 | _cBK | ||
| 999 |
_c229420 _d229420 |
||